El Sistema Nacional de Investigadores, veinticinco años después : la comunidad científica, entre distinción e internacionalización /
Estudio sobre la significación social que tiene sobre los académicos mexicanos pertenecer al Sistema Nacional de Investigadores. Se traza, además, un perfil de los miembros del SNI por género, edad, nivel en el Sistema, país de origen, formación, disciplina y adscripción, correlacionando el lugar de...
Salvato in:
| Autore principale: | |
|---|---|
| Altri autori: | |
| Natura: | Libro |
| Lingua: | spagnolo |
| Pubblicazione: |
México :
ANUIES,
2010, c2010
|
| Serie: | (Biblioteca de la Educación Superior. Investigaciones)
|
| Soggetti: | |
| Tags: |
Nessun Tag, puoi essere il primo ad aggiungerne!!
|
MARC
| LEADER | 00000nam^a2200000^a^4500 | ||
|---|---|---|---|
| 001 | 000311249 | ||
| 005 | 20250521000000.0 | ||
| 009 | 20260310113040.353 | ||
| 020 | |a 978-607-451-028-7 | ||
| 037 | |a Acervo ITESO - Biblioteca | ||
| 041 | |a ESP | ||
| 082 | |a 507. 2 |b DID | ||
| 100 | |a Didou Aupetit, Sylvie |e (autor) | ||
| 245 | 1 | 3 | |a El Sistema Nacional de Investigadores, veinticinco años después : |b la comunidad científica, entre distinción e internacionalización / |c D. Didou Aupetit, E. Gérard. |
| 264 | 4 | |a México : |b ANUIES, |c 2010, c2010 | |
| 300 | |a 142 p. | ||
| 336 | |a texto |b txt |2 rdacontenido | ||
| 337 | |a sin mediación |b n |2 rdamedio | ||
| 338 | |a volumen |b nc |2 rdasoporte | ||
| 440 | 1 | |a (Biblioteca de la Educación Superior. |p Investigaciones) | |
| 520 | |a Estudio sobre la significación social que tiene sobre los académicos mexicanos pertenecer al Sistema Nacional de Investigadores. Se traza, además, un perfil de los miembros del SNI por género, edad, nivel en el Sistema, país de origen, formación, disciplina y adscripción, correlacionando el lugar de nacimiento con la formación, así como los factores para determinar en qué posición se ubica a los investigadores. | ||
| 649 | |a XX | ||
| 650 | |a Investigadores - |z México - |x Condiciones Laborales - |x Tema Principal | ||
| 650 | |a Investigadores - |z México - |x Condiciones Sociales y Culturales | ||
| 650 | |a Académicos - |z México - |x Condiciones Laborales | ||
| 650 | |a Académicos - |z México - |x Condiciones Sociales y Culturales | ||
| 650 | |a Sistema Nacional de Investigadores - |z México - |x Tema Principal | ||
| 650 | |a Organismos Nacionales de Ciencia y Tecnología - |z México | ||
| 650 | |a Representación Social - |z México | ||
| 650 | |a Educación y Trabajo - |z México | ||
| 650 | |a Mercado de Trabajo - |z México | ||
| 650 | |a Ciencia - |z México - |x Difusión | ||
| 650 | |a Ciencia y Desarrollo - |z México | ||
| 650 | |a Desarrollo Tecnológico - |z México | ||
| 650 | |a Investigación - |z México | ||
| 650 | |a Política Científica y Tecnológica - |z México | ||
| 650 | |a Política Educativa - |z México | ||
| 650 | |a Educación Superior - |z México | ||
| 700 | |a Gérard, Etienne |e (autor) | ||
| 910 | |a Fondo General | ||
| 920 | |a Impresos - Libros | ||
| 930 | |a Colección General | ||
| 905 | |a 101 | ||
| 901 | |a 0500197672 |b IT1 |c ACC |i D55339 |u 20250521 | ||
| 902 | |a https://opac.biblio.iteso.mx/vufind/Record/000311249 | ||